Rajul fī al-Qāhirah, (Record no. 45716)

MARC details
000 -LEADER
fixed length control field 00662cam a22002291 4500
001 - CONTROL NUMBER
control field ne 63000624
003 - CONTROL NUMBER IDENTIFIER
control field DLC
005 - DATE AND TIME OF LATEST TRANSACTION
control field 20260227111743.0
008 - FIXED-LENGTH DATA ELEMENTS--GENERAL INFORMATION
fixed length control field 900507q19601963ua a 000 1 ararc
010 ## - LIBRARY OF CONGRESS CONTROL NUMBER
LC control number ne 63000624
025 ## - OVERSEAS ACQUISITION NUMBER
Overseas acquisition number PL480:UAR-1681
035 ## - SYSTEM CONTROL NUMBER
System control number (OCoLC)21488569
040 ## - CATALOGING SOURCE
Original cataloging agency Princeton Univ. Libr.
Transcribing agency WaU
Modifying agency DLC
042 ## - AUTHENTICATION CODE
Authentication code premarc
050 00 - LIBRARY OF CONGRESS CALL NUMBER
Classification number PJ7862.A5576
Item number R3
100 1# - MAIN ENTRY--PERSONAL NAME
Personal name Ṣāliḥ, Rushdī.
245 10 - TITLE STATEMENT
Title Rajul fī al-Qāhirah,
Statement of responsibility, etc. bi-qalam Rushdī Sāliḥ.
260 ## - PUBLICATION, DISTRIBUTION, ETC.
Place of publication, distribution, etc. [al-Qāhirah,
Date of publication, distribution, etc. 196-]
300 ## - PHYSICAL DESCRIPTION
Extent 125 p.
Other physical details illus.
Dimensions 24 cm.
490 0# - SERIES STATEMENT
Series statement Kitāb al-Māsī, qiṣaṣ ʻArabīyah
600 00 - SUBJECT ADDED ENTRY--PERSONAL NAME
Personal name Ibn Khaldūn,
Dates associated with a name 1332-1406
Form subdivision Fiction.

No items available.

Powered by Koha